[Event "Torneo de Benidorm sub 2300 2019"]
[Site "Benidorm ESP"]
[Date "2019.12.01"]
[Round "3.21"]
[White "Gonzalez Martinez, Miguel Angel"]
[Black "Mombiela De Sus, Jose Luis"]
[Result "1-0"]
[WhiteElo "2094"]
[BlackElo "1932"]
[PlyCount "105"]
[EventDate "2019.11.29"]
[EventType "swiss"]
[EventRounds "10"]
[EventCountry "ESP"]
[SourceTitle "Ajedrez en Madrid"]
[Source "lmi"]
[SourceDate "2019.11.30"]
[SourceVersion "1"]
[SourceVersionDate "2019.12.08"]
[SourceQuality "1"]

1. d4 e6 2. Nf3 f5 3. Nc3 Nf6 4. Bg5 d5 5. e3 Be7 6. Bd3 O-O 7. O-O c5 8. dxc5
Na6 9. Bxa6 bxa6 10. Qd4 a5 11. a3 Ba6 12. Rfd1 h6 13. Bf4 Nd7 14. b4 Bf6 15.
Qd2 Bc4 16. Bd6 Re8 17. Nd4 Qc8 18. c6 Bxd4 19. Qxd4 Qxc6 20. Bg3 e5 21. Qd2
Nf6 22. f3 Rad8 23. Ne2 Ba6 24. Rab1 Rc8 25. Rb2 Bxe2 26. Qxe2 Qc3 27. Ra2 Qc4
28. Qxc4 Rxc4 29. bxa5 Rc5 30. Be1 Rec8 31. Rc1 Kf7 32. Rb2 Ke6 33. Rb7 R8c7
34. Rcb1 a6 35. R1b6+ Kd7 36. Bb4 Rxc2 37. Rxc7+ Kxc7 38. Bd6+ Kc8 39. Rb8+ Kd7
40. Bxe5 Rc1+ 41. Kf2 Rc2+ 42. Kg3 Nh5+ 43. Kh3 Re2 44. Bd4 f4 45. Kg4 g6 46.
g3 Rxh2 47. exf4 Rg2 48. f5 Rxg3+ 49. Kh4 Rg2 50. fxg6 Nf4 51. g7 Ng6+ 52. Kh5
Ke6 53. g8=Q+ 1-0

[Event "Torneo de Benidorm sub 2300 2019"]
[Site "Benidorm ESP"]
[Date "2019.12.01"]
[Round "3.22"]
[White "Cano Gimenez, Vicente"]
[Black "Skutta, Bernd"]
[Result "1-0"]
[WhiteElo "2256"]
[BlackElo "2010"]
[PlyCount "91"]
[EventDate "2019.11.29"]
[EventType "swiss"]
[EventRounds "10"]
[EventCountry "ESP"]
[SourceTitle "Ajedrez en Madrid"]
[Source "lmi"]
[SourceDate "2019.11.30"]
[SourceVersion "1"]
[SourceVersionDate "2019.12.08"]
[SourceQuality "1"]

1. c4 e5 2. g3 c6 3. Bg2 Nf6 4. d4 e4 5. Nc3 d5 6. cxd5 cxd5 7. Nh3 h6 8. O-O
Nc6 9. Bf4 Be6 10. Be5 Be7 11. Nf4 Qd7 12. Bxf6 Bxf6 13. e3 O-O 14. f3 exf3 15.
Qxf3 Bg5 16. Ncxd5 Bxf4 17. Nxf4 Bg4 18. Qd5 Qxd5 19. Nxd5 Rac8 20. Rac1 Rfe8
21. Kf2 Be6 22. a3 Kf8 23. Nf4 Bf5 24. Rc5 Bd7 25. Rfc1 a6 26. b4 Rb8 27. Bf3
Rec8 28. Bxc6 Bxc6 29. d5 Bd7 30. Rxc8+ Rxc8 31. Rxc8+ Bxc8 32. e4 Ke7 33. Ke3
g5 34. Nd3 Kd6 35. Kd4 f6 36. Nb2 Bd7 37. Nc4+ Kc7 38. e5 fxe5+ 39. Kxe5 Bb5
40. Nd6 Bd7 41. Nf5 Kb6 42. Nd4 Kc7 43. Ne6+ Kb6 44. Kd6 Ba4 45. Nd4 Bd1 46.
Ke7 1-0

[Event "Torneo de Benidorm sub 2300 2019"]
[Site "Benidorm ESP"]
[Date "2019.12.02"]
[Round "4.1"]
[White "Scherer, Helmut"]
[Black "Garcia Molina, Francisco Miguel"]
[Result "1/2-1/2"]
[WhiteElo "2278"]
[BlackElo "2219"]
[PlyCount "51"]
[EventDate "2019.11.29"]
[EventType "swiss"]
[EventRounds "10"]
[EventCountry "ESP"]
[SourceTitle "Ajedrez en Madrid"]
[Source "lmi"]
[SourceDate "2019.11.30"]
[SourceVersion "1"]
[SourceVersionDate "2019.12.08"]
[SourceQuality "1"]

1. e4 c5 2. Nf3 d6 3. Bb5+ Nd7 4. d4 cxd4 5. Qxd4 a6 6. Bxd7+ Qxd7 7. O-O e5 8.
Qd3 f5 9. Nc3 Nf6 10. Bg5 fxe4 11. Nxe4 Nxe4 12. Qxe4 Qf5 13. Qe3 h6 14. Bh4 g5
15. Bg3 Be7 16. c4 O-O 17. c5 dxc5 18. Nxe5 Be6 19. Rfe1 Rac8 20. h3 Kh7 21.
Ng4 Rc6 22. Be5 h5 23. Nh2 Bd5 24. Nf1 Re6 25. Ng3 Qg6 26. Qd2 1/2-1/2

[Event "Torneo de Benidorm sub 2300 2019"]
[Site "Benidorm ESP"]
[Date "2019.12.02"]
[Round "4.2"]
[White "Pascoal, Eduardo A"]
[Black "Garcia Trobat, Francisco"]
[Result "1/2-1/2"]
[WhiteElo "2143"]
[BlackElo "2244"]
[PlyCount "36"]
[EventDate "2019.11.29"]
[EventType "swiss"]
[EventRounds "10"]
[EventCountry "ESP"]
[SourceTitle "Ajedrez en Madrid"]
[Source "lmi"]
[SourceDate "2019.11.30"]
[SourceVersion "1"]
[SourceVersionDate "2019.12.08"]
[SourceQuality "1"]

1. d4 Nf6 2. Bf4 d6 3. e3 Nbd7 4. h3 e5 5. Bh2 Be7 6. Nf3 e4 7. Nfd2 O-O 8. c4
c5 9. d5 b5 10. Nc3 bxc4 11. Ndxe4 Nxe4 12. Nxe4 Nf6 13. Nc3 Rb8 14. Bxc4 Rxb2
15. O-O Qa5 16. Qd3 Bd7 17. e4 g6 18. f4 Ba4 1/2-1/2

[Event "Torneo de Benidorm sub 2300 2019"]
[Site "Benidorm ESP"]
[Date "2019.12.02"]
[Round "4.3"]
[White "Ayza Leon, David"]
[Black "Gomez Sanjuan, Hector Fernando"]
[Result "1/2-1/2"]
[WhiteElo "2231"]
[BlackElo "2145"]
[PlyCount "106"]
[EventDate "2019.11.29"]
[EventType "swiss"]
[EventRounds "10"]
[EventCountry "ESP"]
[SourceTitle "Ajedrez en Madrid"]
[Source "lmi"]
[SourceDate "2019.11.30"]
[SourceVersion "1"]
[SourceVersionDate "2019.12.08"]
[SourceQuality "1"]

1. e4 c5 2. Nf3 Nc6 3. d4 cxd4 4. Nxd4 g6 5. c4 Bg7 6. Be3 d6 7. Nc3 Nf6 8. Be2
Bd7 9. O-O Nxd4 10. Bxd4 Bc6 11. Qc2 O-O 12. b4 b6 13. Rad1 Nd7 14. Bxg7 Kxg7
15. f4 a5 16. a3 Qc7 17. Qd3 axb4 18. axb4 Ra3 19. Qd4+ Kg8 20. Rd3 Rfa8 21. h4
Rb3 22. Nd5 Rxd3 23. Bxd3 Bxd5 24. cxd5 Ra3 25. Bb5 Nf6 26. Bc6 Qc8 27. e5 dxe5
28. fxe5 Nh5 29. d6 exd6 30. exd6 Qxc6 31. d7 Ra8 32. d8=Q+ Rxd8 33. Qxd8+ Kg7
34. Qd4+ Kg8 35. Qe5 Qc4 36. Ra1 Qc6 37. b5 Qc8 38. Qd5 Qc3 39. Rf1 Qe3+ 40.
Kh2 Qg3+ 41. Kg1 Qe3+ 42. Kh2 Qg3+ 43. Kh1 Qxh4+ 44. Kg1 Qe7 45. Rf3 Qe1+ 46.
Kh2 Qh4+ 47. Kg1 Qe1+ 48. Rf1 Qe3+ 49. Kh2 Qg3+ 50. Kh1 Qh4+ 51. Kg1 Qe7 52.
Qa8+ Kg7 53. Qa1+ Kg8 1/2-1/2

[Event "Torneo de Benidorm sub 2300 2019"]
[Site "Benidorm ESP"]
[Date "2019.12.02"]
[Round "4.4"]
[White "Kandic, Milan"]
[Black "Amdouni, Zoubaier"]
[Result "1/2-1/2"]
[WhiteElo "2142"]
[BlackElo "2289"]
[PlyCount "53"]
[EventDate "2019.11.29"]
[EventType "swiss"]
[EventRounds "10"]
[EventCountry "ESP"]
[SourceTitle "Ajedrez en Madrid"]
[Source "lmi"]
[SourceDate "2019.11.30"]
[SourceVersion "1"]
[SourceVersionDate "2019.12.08"]
[SourceQuality "1"]

1. e4 c5 2. Nf3 Nc6 3. d4 cxd4 4. Nxd4 e5 5. Nb5 d6 6. c4 Be7 7. N1c3 a6 8. Na3
f5 9. exf5 Nf6 10. g4 O-O 11. Nd5 Nxg4 12. Nxe7+ Qxe7 13. Qxg4 Bxf5 14. Qg5 Qf7
15. Be3 Nb4 16. Rd1 Rad8 17. Bg2 Kh8 18. O-O Bd3 19. Rfe1 e4 20. Bd4 Nc6 21.
Bxg7+ Qxg7 22. Qxg7+ Kxg7 23. Bxe4 Bxe4 24. Rxe4 Rf6 25. Nc2 Rdf8 26. Rd2 Ne5
27. Ne1 1/2-1/2

[Event "Torneo de Benidorm sub 2300 2019"]
[Site "Benidorm ESP"]
[Date "2019.12.02"]
[Round "4.5"]
[White "Santos, Jeovani Amaro Dias"]
[Black "Zohaib Hassan, Mohamed"]
[Result "0-1"]
[WhiteElo "2098"]
[BlackElo "2282"]
[PlyCount "103"]
[EventDate "2019.11.29"]
[EventType "swiss"]
[EventRounds "10"]
[EventCountry "ESP"]
[SourceTitle "Ajedrez en Madrid"]
[Source "lmi"]
[SourceDate "2019.11.30"]
[SourceVersion "1"]
[SourceVersionDate "2019.12.08"]
[SourceQuality "1"]

1. d4 Nf6 2. c4 g6 3. Nf3 Bg7 4. Nc3 d5 5. Bf4 O-O 6. e3 c5 7. Be2 cxd4 8. exd4
dxc4 9. Bxc4 a6 10. O-O b5 11. Be2 Nc6 12. d5 Na5 13. b4 Nc4 14. Ne5 Bb7 15.
Nxc4 bxc4 16. Be5 Nxd5 17. Bxg7 Kxg7 18. Qd4+ Nf6 19. Qxc4 Rc8 20. Qb3 Qd2 21.
Bc4 Rxc4 22. Qxc4 Rc8 23. Qe2 Qxc3 24. Qxe7 Rc7 25. Qd6 Rc4 26. h3 Ne4 27. Qd1
Rxb4 28. Rb1 a5 29. Qc1 Bd5 30. a3 Rxb1 31. Qxb1 Nd2 32. Qa1 Qxa1 33. Rxa1 Bb3
34. f3 a4 35. Kf2 Kf6 36. Ke3 Nc4+ 37. Ke4 Kg5 38. g3 f5+ 39. Kd4 Kf6 40. f4 h5
41. Kc5 Nd2 42. Rg1 Ne4+ 43. Kd4 Nf2 44. Ke3 Nd1+ 45. Kd4 Nb2 46. Rc1 Nd1 47.
Rc6+ Kg7 48. Rc7+ Kh6 49. Ke5 h4 50. Kf6 Ne3 51. Rc1 hxg3 52. Ke5 0-1

[Event "Torneo de Benidorm sub 2300 2019"]
[Site "Benidorm ESP"]
[Date "2019.12.02"]
[Round "4.6"]
[White "Gonzalez Martinez, Miguel Angel"]
[Black "Peña Duarte, Fabian Dario"]
[Result "1/2-1/2"]
[WhiteElo "2094"]
[BlackElo "2237"]
[PlyCount "90"]
[EventDate "2019.11.29"]
[EventType "swiss"]
[EventRounds "10"]
[EventCountry "ESP"]
[SourceTitle "Ajedrez en Madrid"]
[Source "lmi"]
[SourceDate "2019.11.30"]
[SourceVersion "1"]
[SourceVersionDate "2019.12.08"]
[SourceQuality "1"]

1. d4 Nf6 2. Nf3 g6 3. Bf4 Bg7 4. e3 d6 5. Be2 O-O 6. O-O Nbd7 7. h3 Qe8 8. Bh2
e5 9. c4 Ne4 10. Qc2 f5 11. Nbd2 Nxd2 12. Qxd2 e4 13. Ne1 Qe7 14. Nc2 Nf6 15.
b4 g5 16. c5 d5 17. b5 Rf7 18. Nb4 Bf8 19. a4 Be6 20. a5 Rg7 21. a6 b6 22. Nc6
Qe8 23. cxb6 cxb6 24. Ne5 Bd6 25. Rac1 Rd8 26. Rc6 Bb8 27. Rfc1 h5 28. Kf1 Kh7
29. Ke1 g4 30. h4 Nd7 31. Qb2 Nxe5 32. Bxe5 Bxe5 33. dxe5 g3 34. f4 Qe7 35.
Bxh5 d4 36. exd4 Qxh4 37. Rxe6 Qxh5 38. Qe2 Qh4 39. Rd6 Rxd6 40. exd6 Qh1+ 41.
Qf1 Qh6 42. Qe2 Qh1+ 43. Qf1 Qh6 44. Qe2 Qh1+ 45. Kd2 Qh6 1/2-1/2

[Event "Torneo de Benidorm sub 2300 2019"]
[Site "Benidorm ESP"]
[Date "2019.12.02"]
[Round "4.7"]
[White "Garraza Obaldia, Esteban"]
[Black "Barbera Estelles, Rosendo"]
[Result "1/2-1/2"]
[WhiteElo "1812"]
[BlackElo "2212"]
[PlyCount "119"]
[EventDate "2019.11.29"]
[EventType "swiss"]
[EventRounds "10"]
[EventCountry "ESP"]
[SourceTitle "Ajedrez en Madrid"]
[Source "lmi"]
[SourceDate "2019.11.30"]
[SourceVersion "1"]
[SourceVersionDate "2019.12.08"]
[SourceQuality "1"]

1. e4 e5 2. Nf3 Nc6 3. Bc4 Nf6 4. d3 Bc5 5. c3 a6 6. O-O Ba7 7. Nbd2 O-O 8. h3
d6 9. Bb3 Ne7 10. Re1 Ng6 11. Nf1 h6 12. Ng3 Be6 13. Bc2 c6 14. d4 Qc7 15. Be3
Kh7 16. Qd2 Ng8 17. Nf5 f6 18. Ng3 N6e7 19. h4 g6 20. Nh2 Rad8 21. f4 f5 22.
Nf3 Kg7 23. Qc1 fxe4 24. Nxe4 exf4 25. Bxf4 Nd5 26. Bg3 Bf5 27. Nc5 Qf7 28.
Bxf5 Qxf5 29. Ne6+ Kh8 30. Nxd8 Rxd8 31. Qb1 Qg4 32. Bh2 Ngf6 33. Qc1 Kg7 34.
Qc2 Rd7 35. Re2 Bb8 36. Rae1 Rf7 37. a3 Nh5 38. Qe4 Ndf4 39. d5 Nxe2+ 40. Rxe2
Qxe4 41. Rxe4 Nf6 42. Re6 Nxd5 43. Bxd6 Nf4 44. Be5+ Bxe5 45. Rxe5 Rd7 46. Nd4
Nd3 47. Re2 c5 48. Nf3 Kf6 49. Kf1 Kf5 50. g3 g5 51. hxg5 hxg5 52. Kg2 b5 53.
Nh2 g4 54. Nf1 Ne5 55. Ne3+ Kf6 56. Rf2+ Ke6 57. Re2 Kf6 58. Rf2+ Ke6 59. Re2
Kf6 60. Rf2+ 1/2-1/2

[Event "Torneo de Benidorm sub 2300 2019"]
[Site "Benidorm ESP"]
[Date "2019.12.02"]
[Round "4.8"]
[White "Martin Barcelo, Carles"]
[Black "Doroshenko, Diana"]
[Result "1/2-1/2"]
[WhiteElo "2196"]
[BlackElo "2159"]
[PlyCount "39"]
[EventDate "2019.11.29"]
[EventType "swiss"]
[EventRounds "10"]
[EventCountry "ESP"]
[SourceTitle "Ajedrez en Madrid"]
[Source "lmi"]
[SourceDate "2019.11.30"]
[SourceVersion "1"]
[SourceVersionDate "2019.12.08"]
[SourceQuality "1"]

1. d4 Nf6 2. c4 g6 3. Nc3 Bg7 4. e4 d6 5. Nf3 O-O 6. Be2 e5 7. O-O Nc6 8. d5
Ne7 9. b4 Nh5 10. Re1 a5 11. bxa5 Rxa5 12. a4 Bd7 13. Nd2 Nf4 14. Bf1 b6 15.
Nb3 Ra8 16. Bd2 f5 17. a5 bxa5 18. Rxa5 Rxa5 19. Nxa5 Qb8 20. Qa1 1/2-1/2

[Event "Torneo de Benidorm sub 2300 2019"]
[Site "Benidorm ESP"]
[Date "2019.12.02"]
[Round "4.9"]
[White "Sawant, Akshay"]
[Black "Levay, Sorin"]
[Result "0-1"]
[WhiteElo "1793"]
[BlackElo "2170"]
[PlyCount "48"]
[EventDate "2019.11.29"]
[EventType "swiss"]
[EventRounds "10"]
[EventCountry "ESP"]
[SourceTitle "Ajedrez en Madrid"]
[Source "lmi"]
[SourceDate "2019.11.30"]
[SourceVersion "1"]
[SourceVersionDate "2019.12.08"]
[SourceQuality "1"]

1. e4 c6 2. c4 d5 3. exd5 Nf6 4. Nc3 cxd5 5. d4 e6 6. Nf3 Bb4 7. Qa4+ Nc6 8.
Ne5 Qa5 9. Qxa5 Bxa5 10. Nxc6 bxc6 11. Bd2 O-O 12. c5 e5 13. dxe5 Re8 14. f4
Rb8 15. O-O-O Nd7 16. Ne4 Bxd2+ 17. Nxd2 Nxc5 18. Nf3 Bg4 19. Be2 Rb4 20. g3
Reb8 21. Rd2 Ra4 22. Rf1 Rxa2 23. Kb1 Ra4 24. Nh4 Nb3 0-1

[Event "Torneo de Benidorm sub 2300 2019"]
[Site "Benidorm ESP"]
[Date "2019.12.02"]
[Round "4.10"]
[White "Lacrosse, Marc"]
[Black "Cardenas Serrano, Sergio"]
[Result "1/2-1/2"]
[WhiteElo "2162"]
[BlackElo "2095"]
[PlyCount "64"]
[EventDate "2019.11.29"]
[EventType "swiss"]
[EventRounds "10"]
[EventCountry "ESP"]
[SourceTitle "Ajedrez en Madrid"]
[Source "lmi"]
[SourceDate "2019.11.30"]
[SourceVersion "1"]
[SourceVersionDate "2019.12.08"]
[SourceQuality "1"]

1. d4 Nf6 2. c4 e6 3. Nf3 Bb4+ 4. Bd2 Qe7 5. g3 Nc6 6. a3 Bxd2+ 7. Qxd2 Ne4 8.
Qc2 f5 9. Nc3 Nxc3 10. Qxc3 d6 11. d5 Nd8 12. Rc1 b6 13. b4 Bb7 14. Bg2 O-O 15.
O-O f4 16. Rfd1 e5 17. Nd2 fxg3 18. hxg3 Nf7 19. Ne4 Ng5 20. c5 Nxe4 21. Bxe4
Qf7 22. f3 Rad8 23. Qd3 g6 24. Kg2 Kg7 25. Rd2 Qe7 26. Qe3 Qf7 27. Qd3 Qe7 28.
Qe3 Qf7 29. Rh1 Kg8 30. Rhd1 Qe7 31. Rc1 Qf7 32. Qd3 Kg7 1/2-1/2

[Event "Torneo de Benidorm sub 2300 2019"]
[Site "Benidorm ESP"]
[Date "2019.12.02"]
[Round "4.11"]
[White "Gonzalez Aguirre, Luis"]
[Black "Gavarrete, Nahun"]
[Result "0-1"]
[WhiteElo "2107"]
[BlackElo "2300"]
[PlyCount "68"]
[EventDate "2019.11.29"]
[EventType "swiss"]
[EventRounds "10"]
[EventCountry "ESP"]
[SourceTitle "Ajedrez en Madrid"]
[Source "lmi"]
[SourceDate "2019.11.30"]
[SourceVersion "1"]
[SourceVersionDate "2019.12.08"]
[SourceQuality "1"]

1. Nf3 Nf6 2. c4 g6 3. Nc3 Bg7 4. g3 O-O 5. Bg2 d6 6. O-O e5 7. d3 Nc6 8. Rb1
a5 9. a3 Re8 10. Bg5 h6 11. Bxf6 Bxf6 12. b4 axb4 13. axb4 Bg7 14. b5 Ne7 15.
Qc2 Be6 16. Nd2 c6 17. bxc6 bxc6 18. Rb7 d5 19. Rfb1 Nf5 20. e3 h5 21. Ne2 Bh6
22. Nf3 e4 23. dxe4 dxe4 24. Nfd4 Nxe3 25. fxe3 Bxe3+ 26. Kh1 Bxd4 27. Bxe4 Bg4
28. Nf4 Qf6 29. h3 Bc8 30. R7b3 h4 31. Rf3 Rxe4 32. Qxe4 Bf5 33. Nh5 Bxe4 34.
Nxf6+ Bxf6 0-1

[Event "Torneo de Benidorm sub 2300 2019"]
[Site "Benidorm ESP"]
[Date "2019.12.02"]
[Round "4.12"]
[White "Lornye, Pylyp"]
[Black "Argandoña Salinas, Gorka"]
[Result "1/2-1/2"]
[WhiteElo "2284"]
[BlackElo "2070"]
[PlyCount "24"]
[EventDate "2019.11.29"]
[EventType "swiss"]
[EventRounds "10"]
[EventCountry "ESP"]
[SourceTitle "Ajedrez en Madrid"]
[Source "lmi"]
[SourceDate "2019.11.30"]
[SourceVersion "1"]
[SourceVersionDate "2019.12.08"]
[SourceQuality "1"]

1. Nf3 f5 2. e4 fxe4 3. Ng5 d5 4. d3 Qd6 5. dxe4 h6 6. Qh5+ g6 7. Qh4 Bg7 8.
Nf3 Bf6 9. e5 Bxe5 10. Bd3 Nc6 11. O-O g5 12. Qh5+ Kd8 1/2-1/2

[Event "Torneo de Benidorm sub 2300 2019"]
[Site "Benidorm ESP"]
[Date "2019.12.02"]
[Round "4.13"]
[White "Garcia Gimenez, Santiago"]
[Black "Chernikov, Vladimir"]
[Result "0-1"]
[WhiteElo "2093"]
[BlackElo "2272"]
[PlyCount "84"]
[EventDate "2019.11.29"]
[EventType "swiss"]
[EventRounds "10"]
[EventCountry "ESP"]
[SourceTitle "Ajedrez en Madrid"]
[Source "lmi"]
[SourceDate "2019.11.30"]
[SourceVersion "1"]
[SourceVersionDate "2019.12.08"]
[SourceQuality "1"]

1. e4 d5 2. exd5 Qxd5 3. Nc3 Qd8 4. d4 Nf6 5. Nf3 g6 6. Bc4 Bg7 7. O-O O-O 8.
h3 e6 9. Bf4 a6 10. a4 Nc6 11. Qd2 b6 12. Rad1 Bb7 13. Rfe1 Ne7 14. Ne5 Nf5 15.
Nxf7 Rxf7 16. Bxe6 Kf8 17. Bxf7 Kxf7 18. d5 Qd7 19. Qd3 Rd8 20. Bg5 h6 21. Bxf6
Bxf6 22. Ne4 Qxd5 23. Qf3 Qa5 24. Ng5+ hxg5 25. Qxb7 Qc5 26. Rxd8 Bxd8 27. Qe4
Bf6 28. Qe8+ Kg7 29. c3 a5 30. Rd1 Nd6 31. Qd7+ Kh6 32. Re1 Qc4 33. Re6 Qf4 34.
Re1 Ne4 35. f3 Nc5 36. Qe8 Bg7 37. Qb5 Be5 38. Kf1 Qh2 39. Qe8 Qh1+ 40. Ke2
Qxg2+ 41. Ke3 Bf4+ 42. Kd4 Qd2+ 0-1

[Event "Torneo de Benidorm sub 2300 2019"]
[Site "Benidorm ESP"]
[Date "2019.12.02"]
[Round "4.14"]
[White "Galiana Fernandez, Adrian"]
[Black "Bengherabi, Khalil"]
[Result "1-0"]
[WhiteElo "2259"]
[BlackElo "2084"]
[PlyCount "157"]
[EventDate "2019.11.29"]
[EventType "swiss"]
[EventRounds "10"]
[EventCountry "ESP"]
[SourceTitle "Ajedrez en Madrid"]
[Source "lmi"]
[SourceDate "2019.11.30"]
[SourceVersion "1"]
[SourceVersionDate "2019.12.08"]
[SourceQuality "1"]

1. d4 Nf6 2. c4 e6 3. Nc3 d5 4. cxd5 exd5 5. Bg5 c6 6. e3 Nbd7 7. Bd3 Be7 8.
Qc2 h6 9. Bh4 Nh5 10. Bxe7 Qxe7 11. Nce2 O-O 12. Nf3 Nhf6 13. Ng3 Qb4+ 14. Qd2
Qxd2+ 15. Nxd2 g6 16. Rc1 Re8 17. h4 h5 18. a4 a5 19. O-O Nb6 20. b3 Kg7 21.
Rc3 Bd7 22. Rfc1 Nc8 23. Nf3 Ng4 24. Ne2 Nd6 25. Nf4 Bf5 26. Bxf5 Nxf5 27. Ne1
Nxh4 28. Ned3 Nf5 29. Nc5 Re7 30. Rb1 Ra7 31. b4 axb4 32. Rxb4 Nd6 33. Rcb3 Kf8
34. Rb6 Kg7 35. Nxd5 Re8 36. Nc3 Re7 37. d5 Ne5 38. dxc6 Nxc6 39. Rb1 Kg8 40.
Nxb7 Rexb7 41. Rxc6 Rxb1+ 42. Nxb1 Ne4 43. f3 Rb7 44. Na3 Rb3 45. Nc4 Rb1+ 46.
Kh2 Nf2 47. Kg3 Nd3 48. a5 Ra1 49. Rd6 Nb4 50. Rb6 Nd5 51. Rb8+ Kg7 52. e4 Nc7
53. Rb7 Ne6 54. Nd6 Rxa5 55. Rxf7+ Kg8 56. Rf6 Nf8 57. f4 Ra3+ 58. Kh4 Ra2 59.
Kh3 Ra7 60. e5 Re7 61. Ne4 Kg7 62. Ng5 Nd7 63. Re6 Rxe6 64. Nxe6+ Kf7 65. Nd4
Nb6 66. Kh4 Nd5 67. Kg5 Ne7 68. e6+ Ke8 69. Nf3 Kf8 70. Nh4 Kg7 71. f5 gxf5 72.
Nxf5+ Kf8 73. Nxe7 Kxe7 74. Kxh5 Kxe6 75. g4 Kf7 76. Kh6 Kg8 77. g5 Kh8 78. g6
Kg8 79. g7 1-0

[Event "Torneo de Benidorm sub 2300 2019"]
[Site "Benidorm ESP"]
[Date "2019.12.02"]
[Round "4.15"]
[White "Sotirov, Nikolaj"]
[Black "Cano Gimenez, Vicente"]
[Result "0-1"]
[WhiteElo "2041"]
[BlackElo "2256"]
[PlyCount "36"]
[EventDate "2019.11.29"]
[EventType "swiss"]
[EventRounds "10"]
[EventCountry "ESP"]
[SourceTitle "Ajedrez en Madrid"]
[Source "lmi"]
[SourceDate "2019.11.30"]
[SourceVersion "1"]
[SourceVersionDate "2019.12.08"]
[SourceQuality "1"]

1. e4 c5 2. c3 g6 3. d4 cxd4 4. cxd4 d5 5. e5 Bg7 6. Nc3 Nh6 7. Nf3 O-O 8. Bd3
Nc6 9. O-O Bg4 10. h3 Bxf3 11. Qxf3 e6 12. Qe3 f6 13. f4 fxe5 14. fxe5 Rxf1+
15. Kxf1 Qb6 16. Ne2 Nf7 17. Kg1 Rf8 18. Kh2 Nxd4 0-1

[Event "Torneo de Benidorm sub 2300 2019"]
[Site "Benidorm ESP"]
[Date "2019.12.02"]
[Round "4.16"]
[White "Torres Sanchez, Jose"]
[Black "Fernandez Alonso, Miguel Angel"]
[Result "1-0"]
[WhiteElo "2238"]
[BlackElo "2060"]
[PlyCount "75"]
[EventDate "2019.11.29"]
[EventType "swiss"]
[EventRounds "10"]
[EventCountry "ESP"]
[SourceTitle "Ajedrez en Madrid"]
[Source "lmi"]
[SourceDate "2019.11.30"]
[SourceVersion "1"]
[SourceVersionDate "2019.12.08"]
[SourceQuality "1"]

1. e4 c5 2. Nc3 Nc6 3. Bb5 Nd4 4. Nf3 Nxb5 5. Nxb5 d6 6. d4 Bg4 7. dxc5 a6 8.
Nc3 dxc5 9. Be3 e6 10. Qxd8+ Rxd8 11. Ne5 Bh5 12. a4 Nf6 13. f3 Nd7 14. Nc4 Be7
15. Bf4 O-O 16. O-O-O Nb8 17. Na5 g5 18. Bc7 Rc8 19. Bd6 Bxd6 20. Rxd6 g4 21.
fxg4 Bxg4 22. Nxb7 Rc7 23. Na5 Nd7 24. Nc4 Ra8 25. h3 Bh5 26. a5 Raa7 27. g4
Bg6 28. Kd2 Kf8 29. Ke3 Ke7 30. Rhd1 f6 31. Na4 Be8 32. Nab6 Nb8 33. Rd8 Nd7
34. Rc8 Nxb6 35. Rxe8+ Kxe8 36. axb6 Rd7 37. bxa7 Rxa7 38. Rd6 1-0

[Event "Torneo de Benidorm sub 2300 2019"]
[Site "Benidorm ESP"]
[Date "2019.12.02"]
[Round "4.17"]
[White "Ribera Veganzones, Josep Maria"]
[Black "Van Foreest, Machteld"]
[Result "1-0"]
[WhiteElo "2008"]
[BlackElo "2180"]
[PlyCount "128"]
[EventDate "2019.11.29"]
[EventType "swiss"]
[EventRounds "10"]
[EventCountry "ESP"]
[SourceTitle "Ajedrez en Madrid"]
[Source "lmi"]
[SourceDate "2019.11.30"]
[SourceVersion "1"]
[SourceVersionDate "2019.12.08"]
[SourceQuality "1"]

1. e4 e6 2. d4 d5 3. Nd2 Nf6 4. e5 Nfd7 5. Bd3 c5 6. c3 Nc6 7. Ne2 cxd4 8. cxd4
f6 9. exf6 Qxf6 10. Nf3 Bb4+ 11. Bd2 Bxd2+ 12. Qxd2 O-O 13. O-O e5 14. dxe5
Ndxe5 15. Nxe5 Nxe5 16. Bc2 Be6 17. Nd4 Bf7 18. b3 Bg6 19. Bxg6 Qxg6 20. Rae1
Rae8 21. Re3 Qg5 22. h3 Re7 23. Qc3 Ng6 24. Rxe7 Qxe7 25. Re1 Qf6 26. Qe3 Kh8
27. g3 h5 28. h4 Rf7 29. Rc1 Ne5 30. Rc2 Kh7 31. Kg2 g6 32. Qc3 Ng4 33. Nf3 d4
34. Nxd4 Nxf2 35. Nf3 Ne4 36. Qxf6 Rxf6 37. Rc7+ Kg8 38. Rxb7 Rc6 39. Ne5 Rc3
40. Rxa7 Rxg3+ 41. Kf1 g5 42. Ra4 Nc3 43. Kf2 Rh3 44. Ra8+ Kg7 45. hxg5 Ne4+
46. Kg2 Rg3+ 47. Kf1 Rxg5 48. Nf3 Rg3 49. Ke2 Nc3+ 50. Ke3 h4 51. Kf2 Ne4+ 52.
Ke3 Ng5 53. Ra7+ Kg6 54. Kf4 Nxf3 55. Ra6+ Kh5 56. Ra8 Kg6 57. Rg8+ Kf6 58.
Rxg3 Nd4 59. Rd3 Nc2 60. Kg4 Nb4 61. Rd2 Ke5 62. Kxh4 Ke4 63. a3 Nc6 64. Rc2
Kd5 1-0

[Event "Torneo de Benidorm sub 2300 2019"]
[Site "Benidorm ESP"]
[Date "2019.12.02"]
[Round "4.18"]
[White "Jackson, Oliver A"]
[Black "Alami, Halim"]
[Result "1-0"]
[WhiteElo "2150"]
[BlackElo "2039"]
[PlyCount "63"]
[EventDate "2019.11.29"]
[EventType "swiss"]
[EventRounds "10"]
[EventCountry "ESP"]
[SourceTitle "Ajedrez en Madrid"]
[Source "lmi"]
[SourceDate "2019.11.30"]
[SourceVersion "1"]
[SourceVersionDate "2019.12.08"]
[SourceQuality "1"]

1. e4 e5 2. Nc3 Nf6 3. Bc4 Bc5 4. d3 h6 5. f4 Nc6 6. Nf3 d6 7. f5 Na5 8. Qe2
Nxc4 9. dxc4 c6 10. Bd2 a5 11. O-O-O Bd7 12. g4 a4 13. g5 hxg5 14. Bxg5 Qb6 15.
Rd3 Ng4 16. Nd1 Qa6 17. Nd2 Nf6 18. Be3 Qa7 19. Rxd6 Bxe3 20. Nxe3 Qc5 21. Rd3
Ke7 22. Rg1 Rh7 23. Rg2 Nh5 24. Qf2 Qa5 25. Qh4+ Nf6 26. Qg5 Rah8 27. Ng4 Be8
28. Nf3 Rh3 29. Qxg7 Nxg4 30. Qxg4 f6 31. Qg7+ Bf7 32. Rgd2 1-0

[Event "Torneo de Benidorm sub 2300 2019"]
[Site "Benidorm ESP"]
[Date "2019.12.02"]
[Round "4.19"]
[White "Gonzalez Guedes, Iyan"]
[Black "Lopez Orois, Jose Manuel"]
[Result "1-0"]
[WhiteElo "2146"]
[BlackElo "2021"]
[PlyCount "69"]
[EventDate "2019.11.29"]
[EventType "swiss"]
[EventRounds "10"]
[EventCountry "ESP"]
[SourceTitle "Ajedrez en Madrid"]
[Source "lmi"]
[SourceDate "2019.11.30"]
[SourceVersion "1"]
[SourceVersionDate "2019.12.08"]
[SourceQuality "1"]

1. e4 e6 2. d4 d5 3. e5 c5 4. c3 Ne7 5. Nf3 Nec6 6. Bd3 b6 7. a3 a5 8. O-O Ba6
9. Be3 Bxd3 10. Qxd3 c4 11. Qc2 Be7 12. a4 O-O 13. b3 cxb3 14. Qxb3 Nd7 15.
Nfd2 f6 16. f4 g5 17. f5 fxe5 18. fxe6 Rxf1+ 19. Nxf1 Nf8 20. dxe5 Nxe5 21.
Nbd2 Nxe6 22. Re1 Bc5 23. Qc2 Qf6 24. Nb3 Rf8 25. Nxc5 bxc5 26. Qf2 Nf4 27. Rd1
Ned3 28. Qf3 c4 29. Bd4 Qe6 30. Ne3 g4 31. Nxg4 h5 32. Ne3 Kh7 33. Rb1 Qe4 34.
Rb7+ Kg6 35. Qg3+ 1-0